Maat, joissa ympäristönsuojelun taso parhainta; - Statistics

Yleistilastot
  • Tätä visaa on pelattu 109 kertaa
  • Keskiarvotulos 10 / 15
Vastaustilastot
Top 15 maata pisteet % Oikein
1 Suomi 90.68
100%
3 Ruotsi 90.43
97%
4 Tanska 89.21
87%
2 Islanti 90.51
86%
10 Ranska 88.20
77%
8 Viro 88.59
76%
13 Australia 87.22
70%
6 Espanja 88.91
70%
12 Iso Britannia 87.38
60%
11 Uusi-Seelanti 88.00
60%
7 Portugali 88.63
58%
15 Kroatia 86.98
44%
5 Slovenia 88.98
41%
9 Malta 88.48
37%
14 Singapore 87.04
37%
Ehtoja vastaavia visoja ei löytynyt
Tulosjakauma
Jokaisen tuloksen saaneiden osuus
Persentiili vastausten määrän mukaan
Tuloshistoriasi
Et ole pelannut tätä visaa